[Event "Oslo ASKO Pinseturnering-A"]
[Site "Oslo"]
[Date "2009.05.30"]
[Round "1"]
[White "Olsen, Andrei"]
[Black "Urkedal, Frode Olav Olsen"]
[Result "0-1"]
[WhiteElo "1646"]
[BlackElo "2321"]
[PlyCount "48"]
[EventDate "2009.05.30"]
[EventType "swiss"]
[EventRounds "6"]
[EventCountry "NOR"]
[SourceTitle "EXT 2011"]
[Source "ChessBase"]
[SourceDate "2010.11.26"]
[SourceVersion "1"]
[SourceVersionDate "2010.11.26"]
[SourceQuality "1"]

1. e4 c5 2. Nf3 d6 3. d4 cxd4 4. Nxd4 Nf6 5. Nc3 a6 6. Be3 e6 7. Be2 Be7 8. Qd2 b5 9. a3 Bb7 10. f3 Nbd7 11. g4 Nb6 12. 0-0-0 Rc8 13. h4 Nfd7 14. Bg5 Nf6 15. Be3 d5 16. e5 Nfd7 17. f4 b4 18. Na2 Nc4 19. Bxc4 dxc4 20. Nxb4 c3 21. Qf2 cxb2+ 22. Kxb2 a5 23. Nd3 Bxh1 24. Rxh1 Nb6 0-1

[Event "Aslo ASKO CC-ch Group-A"]
[Site "Oslo"]
[Date "2009.03.10"]
[Round "3"]
[White "Olsen, Andrei"]
[Black "Erikstad, Olav Age"]
[Result "1/2-1/2"]
[WhiteElo "1620"]
[BlackElo "1631"]
[PlyCount "75"]
[EventDate "2009.02.10"]
[EventType "tourn"]
[EventRounds "9"]
[EventCountry "NOR"]
[SourceTitle "EXT 2011"]
[Source "ChessBase"]
[SourceDate "2010.11.26"]
[SourceVersion "1"]
[SourceVersionDate "2010.11.26"]
[SourceQuality "1"]

1. e4 c6 2. d4 d5 3. Nd2 dxe4 4. Nxe4 Nd7 5. Nf3 Ngf6 6. Bd3 Nxe4 7. Bxe4 Nf6 8. Qe2 Nxe4 9. Qxe4 Qd5 10. Qxd5 cxd5 11. Bf4 Bf5 12. c3 Be4 13. Ke2 e6 14. Rhg1 b5 15. a3 Be7 16. Nd2 Bg6 17. g4 0-0 18. Bg3 a5 19. h4 h6 20. Nb3 Rfc8 21. Rgc1 b4 22. axb4 axb4 23. Rxa8 Rxa8 24. Ra1 Rxa1 25. Nxa1 bxc3 26. bxc3 Ba3 27. Kd2 Be4 28. f4 f6 29. Nb3 g5 30. hxg5 hxg5 31. fxg5 fxg5 32. Nc5 Bxc5 33. dxc5 Kf7 34. Ke3 Ke7 35. Kd4 Bf3 36. Bd6+ Kd7 37. Bf8 Bxg4 38. Bh6 1/2-1/2

[Event "Aslo ASKO CC-ch Group-A"]
[Site "Oslo"]
[Date "2009.02.24"]
[Round "2"]
[White "Fluegel, Stefan"]
[Black "Olsen, Andrei"]
[Result "1-0"]
[WhiteElo "1600"]
[BlackElo "1620"]
[PlyCount "92"]
[EventDate "2009.02.10"]
[EventType "tourn"]
[EventRounds "9"]
[EventCountry "NOR"]
[SourceTitle "EXT 2011"]
[Source "ChessBase"]
[SourceDate "2010.11.26"]
[SourceVersion "1"]
[SourceVersionDate "2010.11.26"]
[SourceQuality "1"]

1. e4 c5 2. Nf3 e6 3. d4 cxd4 4. Nxd4 Nc6 5. Be3 Qc7 6. Nb5 Qb8 7. g3 a6 8. Nd4 Nge7 9. Bg2 g6 10. 0-0 Bg7 11. c3 0-0 12. f4 d6 13. Na3 Bd7 14. Nc4 Nc8 15. a4 Qc7 16. Qd2 Nxd4 17. cxd4 Qxc4 18. Rfc1 Qb3 19. a5 e5 20. f5 exd4 21. Bf4 gxf5 22. Ra3 Qe6 23. exf5 Qxf5 24. g4 Qb5 25. Be4 d3 26. Rxd3 Qxb2 27. Rc2 Qa1+ 28. Rc1 Qf6 29. g5 Qe7 30. Re1 Qd8 31. Qf2 Re8 32. Bd2 Rxe4 33. Rxe4 Bc6 34. Rh4 Ne7 35. Rdh3 Qd7 36. Bc3 Bxc3 37. Rxc3 Qf5 38. Qd2 Ng6 39. Rhh3 Qxa5 40. Rxh7 Kxh7 41. Rh3+ Kg8 42. Qxa5 Re8 43. Rd3 Re5 44. Qd8+ Kg7 45. Qf6+ Kg8 46. Rxd6 Re1+ 1-0

[Event "Oslo ASKO op"]
[Site "Oslo"]
[Date "2009.01.23"]
[Round "1"]
[White "Iversen, Pal Mo"]
[Black "Olsen, Andrei"]
[Result "0-1"]
[WhiteElo "959"]
[BlackElo "1810"]
[PlyCount "58"]
[EventDate "2009.01.23"]
[EventType "swiss"]
[EventRounds "5"]
[EventCountry "NOR"]
[SourceTitle "EXT 2011"]
[Source "ChessBase"]
[SourceDate "2010.11.26"]
[SourceVersion "1"]
[SourceVersionDate "2010.11.26"]
[SourceQuality "1"]

1. e4 e5 2. Nf3 Nc6 3. d4 exd4 4. Bc4 Nf6 5. e5 d5 6. Bb5 Ne4 7. Nxd4 Bd7 8. f3 Qh4+ 9. g3 Nxg3 10. hxg3 Qxh1+ 11. Bf1 Bh3 12. Nxc6 Qxf1+ 13. Kd2 Qxd1+ 14. Kxd1 bxc6 15. g4 h5 16. g5 g6 17. Nc3 Bg7 18. f4 Bg4+ 19. Ke1 h4 20. Ne2 Rb8 21. b3 Rb4 22. Nc3 h3 23. Kf2 h2 24. Ba3 Rxf4+ 25. Kg3 Bxe5 26. Re1 Re4+ 27. Kg2 Rxe1 28. Na4 h1Q+ 29. Kf2 Rh2# 0-1

[Event "Oslo Johannessen Memorial"]
[Site "Oslo"]
[Date "2008.06.30"]
[Round "7"]
[White "Snellingen, Jorn"]
[Black "Olsen, Andrei"]
[Result "1-0"]
[WhiteElo "1932"]
[BlackElo "1780"]
[PlyCount "67"]
[EventDate "2008.06.27"]
[EventType "swiss"]
[EventRounds "9"]
[EventCountry "NOR"]
[SourceTitle "CBM 125 Extra"]
[Source "ChessBase"]
[SourceDate "2008.09.01"]
[SourceVersion "1"]
[SourceVersionDate "2008.09.01"]
[SourceQuality "1"]

1. e4 e5 2. d4 exd4 3. c3 dxc3 4. Nxc3 d6 5. Qb3 c6 6. Bc4 Qe7 7. Be3 Be6 8. Nf3 Bxc4 9. Qxc4 f6 10. Rd1 Nd7 11. Nd4 Ne5 12. Qb3 g6 13. 0-0 Bh6 14. f4 0-0-0 15. Rc1 Kb8 16. Rfe1 c5 17. Nd5 Qf7 18. fxe5 Bxe3+ 19. Nxe3 Qxb3 20. Nxb3 fxe5 21. Nd5 Nh6 22. Rf1 Rhf8 23. Nd2 Ng4 24. h3 Nh6 25. Nc4 Nf7 26. Rce1 b5 27. Na5 Rc8 28. Rf6 Ng5 29. Rxd6 c4 30. Rd7 Rc5 31. Rb7+ Kc8 32. Ne7+ Kd8 33. Nac6+ Ke8 34. Rb8+ 1-0

[Event "NOR-chT Clubs"]
[Site "Oslo"]
[Date "2008.05.04"]
[Round "6"]
[White "Olsen, Andrei"]
[Black "Botheim, Erik"]
[Result "1-0"]
[WhiteElo "1533"]
[BlackElo "896"]
[PlyCount "33"]
[EventDate "2008.05.01"]
[EventType "team-swiss"]
[EventRounds "6"]
[EventCountry "NOR"]
[SourceTitle "EXT 2010"]
[Source "ChessBase"]
[SourceDate "2010.11.25"]
[SourceVersion "1"]
[SourceVersionDate "2010.11.25"]
[SourceQuality "1"]

1. e4 e6 2. d4 d5 3. e5 c5 4. dxc5 Bxc5 5. Qg4 g6 6. Nf3 Qb6 7. Qg3 Ne7 8. Bd3 Nbc6 9. c3 Qd8 10. Bg5 Bd7 11. 0-0 Qc7 12. Bf6 Rg8 13. b4 Bb6 14. Na3 0-0-0 15. Nb5 Qb8 16. Nd6+ Kc7 17. b5 1-0

[Event "NOR-ch qual-A"]
[Site "Oslo"]
[Date "2007.04.05"]
[Round "7"]
[White "Thingstad, Even"]
[Black "Olsen, Andrei"]
[Result "1-0"]
[WhiteElo "1750"]
[BlackElo "1476"]
[PlyCount "67"]
[EventDate "2007.04.01"]
[EventType "swiss"]
[EventRounds "7"]
[EventCountry "NOR"]
[SourceTitle "EXT 2008"]
[Source "ChessBase"]
[SourceDate "2007.11.25"]
[SourceVersion "1"]
[SourceVersionDate "2007.11.25"]
[SourceQuality "1"]

1. d4 e6 2. c4 Nf6 3. Nc3 Bb4 4. e3 c5 5. a3 cxd4 6. axb4 dxc3 7. bxc3 d5 8. cxd5 Qxd5 9. Bb2 Nc6 10. Nf3 0-0 11. Be2 Ne7 12. Qc2 Ng6 13. 0-0 e5 14. Rfd1 Qc6 15. c4 Qc7 16. Bd3 b6 17. Bxg6 hxg6 18. Nxe5 Bf5 19. Qa4 Rfc8 20. Rac1 Ng4 21. Nxg4 Bxg4 22. Rd4 Be6 23. Qa3 f6 24. h3 Qf7 25. c5 b5 26. Rcd1 a5 27. bxa5 Qc7 28. Bc3 Qxc5 29. Rd8+ Kh7 30. Qxc5 Rxc5 31. Rxa8 Rxc3 32. a6 Ra3 33. a7 b4 34. Re8 1-0

[Event "NOR-ch qual-A"]
[Site "Oslo"]
[Date "2007.04.02"]
[Round "3"]
[White "Olsen, Andrei"]
[Black "Laverton, Christian"]
[Result "1/2-1/2"]
[WhiteElo "1476"]
[BlackElo "1381"]
[PlyCount "52"]
[EventDate "2007.04.01"]
[EventType "swiss"]
[EventRounds "7"]
[EventCountry "NOR"]
[SourceTitle "EXT 2008"]
[Source "ChessBase"]
[SourceDate "2007.11.25"]
[SourceVersion "1"]
[SourceVersionDate "2007.11.25"]
[SourceQuality "1"]

1. e4 c6 2. d4 d5 3. Nd2 dxe4 4. Nxe4 Nd7 5. Nf3 Ngf6 6. Bd3 Nxe4 7. Bxe4 Nf6 8. Qe2 Bg4 9. c3 e6 10. h3 Bh5 11. g4 Nxe4 12. gxh5 Qd5 13. h6 g5 14. a3 0-0-0 15. Rg1 Bxh6 16. Ne5 Nd6 17. Qh5 f6 18. Qxh6 fxe5 19. Bxg5 Nf7 20. Qh4 Nxg5 21. Qxg5 exd4 22. Qxd5 Rxd5 23. cxd4 Rxd4 24. Rd1 Rxd1+ 25. Kxd1 Rf8 26. Ke2 Rf7 1/2-1/2

[Event "NOR-ch qual-A"]
[Site "Oslo"]
[Date "2007.04.01"]
[Round "1"]
[White "Olsen, Andrei"]
[Black "Theting, Helge E"]
[Result "0-1"]
[WhiteElo "1476"]
[BlackElo "1892"]
[PlyCount "72"]
[EventDate "2007.04.01"]
[EventType "swiss"]
[EventRounds "7"]
[EventCountry "NOR"]
[SourceTitle "EXT 2008"]
[Source "ChessBase"]
[SourceDate "2007.11.25"]
[SourceVersion "1"]
[SourceVersionDate "2007.11.25"]
[SourceQuality "1"]

1. e4 g6 2. d4 Bg7 3. c3 d6 4. Bd3 Nc6 5. Be3 e5 6. d5 Nce7 7. Qd2 f5 8. f3 f4 9. Bf2 Nf6 10. a4 0-0 11. c4 c6 12. b4 cxd5 13. cxd5 Bd7 14. Ra3 g5 15. h3 h5 16. Nc3 Ne8 17. Bb5 Ng6 18. Nge2 Rf7 19. Nc1 Bf6 20. Nb3 g4 21. Na5 Nh4 22. Bxh4 Bxh4+ 23. Kf1 gxh3 24. Bxd7 Rxd7 25. Rxh3 Rc8 26. Nb3 Rdc7 27. Nc1 Ng7 28. Nd3 Bg3 29. Nc1 Rc4 30. N1e2 h4 31. a5 Rxb4 32. Nxg3 hxg3 33. Ra2 Qc7 34. Nd1 Rd4 35. Qe2 Qc1 36. Ke1 Rc3 0-1

[Event "Oslo ASKO op"]
[Site "Oslo"]
[Date "2006.11.26"]
[Round "4"]
[White "Chikwati, Elvis"]
[Black "Olsen, Andrei"]
[Result "0-1"]
[WhiteElo "1249"]
[BlackElo "1487"]
[PlyCount "103"]
[EventDate "2006.11.24"]
[EventType "swiss"]
[EventRounds "5"]
[EventCountry "NOR"]
[SourceTitle "EXT 2008"]
[Source "ChessBase"]
[SourceDate "2007.11.25"]
[SourceVersion "1"]
[SourceVersionDate "2007.11.25"]
[SourceQuality "1"]

1. e4 e6 2. d4 d5 3. Bd3 Nf6 4. exd5 Qxd5 5. Nf3 Nbd7 6. 0-0 c5 7. Nc3 Qc6 8. Ne5 Qb6 9. Nc4 Qc6 10. d5 Nxd5 11. Nxd5 Qxd5 12. b3 Be7 13. Bb2 0-0 14. Ne3 Qg5 15. f4 Qh6 16. Rf3 f5 17. Rh3 Qg6 18. Rg3 Qh6 19. Bxg7 Qxg7 20. Rxg7+ Kxg7 21. g4 Nf6 22. g5 Ng8 23. h4 h6 24. Kf2 b6 25. Qh5 Bd7 26. Rg1 Kh7 27. Ng4 Be8 28. Nf6+ Bxf6 29. g6+ Kg7 30. Rg3 Bd4+ 31. Kf1 Nf6 32. Qf3 Rb8 33. h5 b5 34. Qe2 Bd7 35. Rh3 Nd5 36. Rf3 Nc3 37. Qd2 Bc6 38. Rg3 b4 39. Bc4 Ne4 40. Qh2 Nxg3+ 41. Qxg3 Rf6 42. Qe1 Rb7 43. a3 a5 44. a4 Re7 45. Qe2 e5 46. Bf7 Be4 47. Qb5 Bxc2 48. Qb8 Bd3+ 49. Kg2 Be4+ 50. Kh2 Rfxf7 51. gxf7 Kxf7 52. Qb6 0-1

[Event "Oslo ASKO Hostturnering"]
[Site "Oslo"]
[Date "2005.11.29"]
[Round "7"]
[White "Olsen, Alf Marius Foss"]
[Black "Olsen, Andrei"]
[Result "1-0"]
[WhiteElo "1384"]
[BlackElo "1446"]
[PlyCount "81"]
[EventDate "2005.09.06"]
[EventType "swiss"]
[EventRounds "7"]
[EventCountry "NOR"]
[SourceTitle "EXT 2009"]
[Source "ChessBase"]
[SourceDate "2008.11.26"]
[SourceVersion "1"]
[SourceVersionDate "2008.11.26"]
[SourceQuality "1"]

1. e4 e6 2. d4 d5 3. Nd2 Nf6 4. e5 Nfd7 5. Bd3 c5 6. c3 Nc6 7. Ne2 Qb6 8. Nf3 f6 9. exf6 Nxf6 10. 0-0 Bd7 11. Re1 0-0-0 12. Ng5 Re8 13. Be3 e5 14. Nf7 Rg8 15. Nxe5 Nxe5 16. dxe5 Rxe5 17. b4 Rxe3 18. fxe3 c4 19. Bc2 Qxe3+ 20. Kh1 Ng4 21. Qd4 Bd6 22. Qxe3 Nxe3 23. Nd4 Bf4 24. Re2 Nxc2 25. Rxc2 Be3 26. Re2 Bxd4 27. cxd4 Bf5 28. Re3 Be4 29. Rf1 Re8 30. Kg1 Re7 31. a4 Kc7 32. Rf4 Kd6 33. Kf2 a6 34. Ke1 b5 35. a5 h5 36. g3 Re6 37. Rf7 g6 38. Ra7 Bf5 39. Rxa6+ Kd7 40. Raxe6 Bxe6 41. Rxe6 1-0

[Event "Oslo ASKO Hostturnering"]
[Site "Oslo"]
[Date "2005.11.15"]
[Round "6"]
[White "Olsen, Andrei"]
[Black "Sorseth, Gjermund"]
[Result "0-1"]
[WhiteElo "1446"]
[BlackElo "1893"]
[PlyCount "80"]
[EventDate "2005.09.06"]
[EventType "swiss"]
[EventRounds "7"]
[EventCountry "NOR"]
[SourceTitle "EXT 2009"]
[Source "ChessBase"]
[SourceDate "2008.11.26"]
[SourceVersion "1"]
[SourceVersionDate "2008.11.26"]
[SourceQuality "1"]

1. e4 c5 2. Nf3 Nc6 3. d4 cxd4 4. Nxd4 Nf6 5. Nc3 e5 6. Ndb5 d6 7. Nd5 Nxd5 8. exd5 Nb8 9. Qf3 Be7 10. Qa3 a6 11. Bg5 f6 12. Bd2 0-0 13. Bb4 axb5 14. Qxa8 Na6 15. Bd2 Qb6 16. Be3 Qa5+ 17. Bd2 Qb6 18. Be3 Qa5+ 19. Bd2 Qc7 20. Qa7 Qxc2 21. Rc1 Qe4+ 22. Qe3 Qxd5 23. Qb3 Qxb3 24. axb3 Bd7 25. b4 Bc6 26. Be2 Bxg2 27. Rg1 Bc6 28. Bh6 Rf7 29. Bxb5 Bxb5 30. Rc8+ Bf8 31. Bd2 Rc7 32. Rd8 Kf7 33. f4 Ke7 34. Ra8 Kf7 35. Rd8 Ke7 36. Ra8 h6 37. fxe5 dxe5 38. Be3 Kf7 39. Bb6 Bxb4+ 40. Kd1 Rd7+ 0-1

[Event "Oslo op3b"]
[Site "Oslo"]
[Date "2005.04.26"]
[Round "7"]
[White "Olsen, Andrei"]
[Black "Skrondal, Inge Sandstad"]
[Result "0-1"]
[WhiteElo "1402"]
[BlackElo "1860"]
[PlyCount "70"]
[EventDate "2005.03.23"]
[EventType "swiss"]
[EventRounds "9"]
[EventCountry "NOR"]
[SourceTitle "EXT 2007"]
[Source "ChessBase"]
[SourceDate "2006.11.23"]
[SourceVersion "1"]
[SourceVersionDate "2006.11.23"]
[SourceQuality "1"]

1. e4 c5 2. Nc3 g6 3. g3 Nc6 4. Bg2 Bg7 5. d3 d6 6. Be3 e5 7. Qd2 Nd4 8. Nce2 Be6 9. c3 Nxe2 10. Nxe2 Qd7 11. h3 Ne7 12. f4 b6 13. g4 f6 14. f5 Bf7 15. Ng3 d5 16. b3 Nc6 17. Bh6 Bxh6 18. Qxh6 d4 19. c4 Nb4 20. Ke2 0-0-0 21. Rhc1 Nc6 22. a3 Qe7 23. Bf3 g5 24. h4 gxh4 25. Qxh4 Rdg8 26. Nh5 Rg5 27. Kd2 Bxh5 28. gxh5 h6 29. Rg1 Rhg8 30. Rxg5 Rxg5 31. Rh1 Qg7 32. Qf2 Rg3 33. Rh2 Qg5+ 34. Kc2 Rg1 35. Rg2 Qc1# 0-1

[Event "Oslo op2"]
[Site "Oslo"]
[Date "2005.02.08"]
[Round "1"]
[White "Tollefsen, Vegard"]
[Black "Olsen, Andrei"]
[Result "1/2-1/2"]
[WhiteElo "1923"]
[BlackElo "1402"]
[PlyCount "116"]
[EventDate "2005.02.15"]
[EventType "swiss"]
[EventRounds "9"]
[EventCountry "NOR"]
[SourceTitle "EXT 2007"]
[Source "ChessBase"]
[SourceDate "2006.11.23"]
[SourceVersion "1"]
[SourceVersionDate "2006.11.23"]
[SourceQuality "1"]

1. e4 c5 2. c3 Nf6 3. e5 Nd5 4. Nf3 Nc6 5. d4 e6 6. c4 Qa5+ 7. Bd2 Ndb4 8. d5 exd5 9. cxd5 Nd4 10. Nxd4 cxd4 11. Qb3 Qxd5 12. Bc4 Qxe5+ 13. Kf1 d5 14. Bxb4 dxc4 15. Qa3 Bxb4 16. Qxb4 Be6 17. Nd2 c3 18. Nf3 cxb2 19. Qxb2 Bc4+ 20. Kg1 Qf6 21. Re1+ Be6 22. Qb5+ Kf8 23. Qxb7 Rd8 24. Qxa7 d3 25. Qc5+ Kg8 26. Qe3 h6 27. h3 Bxa2 28. Rd1 Be6 29. Rxd3 Bf5 30. Rxd8+ Qxd8 31. Qf4 Bg6 32. h4 Kh7 33. h5 Bb1 34. Kh2 Qb8 35. Kg3 Qxf4+ 36. Kxf4 Ba2 37. Ra1 Bb3 38. Nd4 Bc4 39. Ra4 Rc8 40. Nf5 Be6 41. Nd4 Rc4 42. Rxc4 Bxc4 43. Ke5 Kg8 44. f4 Bf1 45. g4 Bh3 46. g5 Bg4 47. gxh6 gxh6 48. Nf5 Kh7 49. Ng3 Kg7 50. f5 f6+ 51. Ke6 Bf3 52. Ke7 Bd5 53. Ne2 Bf3 54. Nf4 Bg4 55. Ke6 Bd1 56. Ke7 Bg4 57. Ke6 Bd1 58. Ke7 Bg4 1/2-1/2